[Event "EYCC 2024 - G14"]
[Site "?"]
[Date "2024.08.28"]
[Round "6.11"]
[White "Haasova, Timea"]
[Black "Panagiotopoulou, Nikoletta Christina"]
[Result "1-0"]
[BlackElo "1731"]
[WhiteElo "1890"]
[LiveChessVersion "1.4.8"]

1. e4 {[%clk 1:30:56]} c5 {[%clk 1:30:57]} 2. Nf3 {[%clk 1:31:19]} d6
{[%clk 1:31:23]} 3. d4 {[%clk 1:31:41]} cxd4 {[%clk 1:31:49]} 4. Nxd4
{[%clk 1:32:05]} Nf6 {[%clk 1:32:14]} 5. Nc3 {[%clk 1:32:26]} g6 {[%clk 1:32:40]}
6. Be3 {[%clk 1:32:41]} Bg7 {[%clk 1:33:04]} 7. f3 {[%clk 1:32:56]} O-O
{[%clk 1:33:30]} 8. Qd2 {[%clk 1:33:18]} Nc6 {[%clk 1:33:54]} 9. O-O-O
{[%clk 1:33:20]} d5 {[%clk 1:33:42]} 10. exd5 {[%clk 1:33:03]} Nxd5
{[%clk 1:34:01]} 11. Nxc6 {[%clk 1:32:52]} bxc6 {[%clk 1:34:25]} 12. Bd4
{[%clk 1:33:04]} Bxd4 {[%clk 1:34:43]} 13. Qxd4 {[%clk 1:33:11]} Qb6
{[%clk 1:34:55]} 14. Na4 {[%clk 1:30:16]} Qc7 {[%clk 1:30:51]} 15. Nc5
{[%clk 1:10:01]} e5 {[%clk 1:24:29]} 16. Qd2 {[%clk 1:04:39]} Rb8
{[%clk 1:17:54]} 17. h4 {[%clk 0:57:04]} Nb4 {[%clk 1:02:25]} 18. a3
{[%clk 0:53:34]} Qa5 {[%clk 0:45:53]} 19. Nb3 {[%clk 0:50:43]} Qa4
{[%clk 0:46:15]} 20. axb4 {[%clk 0:35:20]} Rxb4 {[%clk 0:46:01]} 21. Qc3
{[%clk 0:33:20]} Bf5 {[%clk 0:38:14]} 22. Nc5 {[%clk 0:25:43]} Qa1+
{[%clk 0:33:57]} 23. Kd2 {[%clk 0:26:06]} Rd8+ {[%clk 0:33:02]} 24. Bd3
{[%clk 0:25:21]} Qxb2 {[%clk 0:30:49]} 25. Qxb2 {[%clk 0:25:36]} Rxb2
{[%clk 0:31:04]} 26. Kc3 {[%clk 0:21:54]} Rbb8 {[%clk 0:28:41]} 27. Bxf5
{[%clk 0:21:49]} gxf5 {[%clk 0:29:09]} 28. Nd7 {[%clk 0:21:55]} Rbc8
{[%clk 0:26:54]} 29. Nxe5 {[%clk 0:21:43]} Re8 {[%clk 0:26:34]} 30. Rhe1
{[%clk 0:20:49]} Rc7 {[%clk 0:24:18]} 31. Nc4 {[%clk 0:20:03]} Rb8
{[%clk 0:24:08]} 32. Nd6 {[%clk 0:19:23]} a5 {[%clk 0:21:53]} 33. Nxf5
{[%clk 0:15:59]} Kf8 {[%clk 0:21:00]} 34. Rd4 {[%clk 0:13:49]} c5
{[%clk 0:17:37]} 35. Ra4 {[%clk 0:12:08]} Ra7 {[%clk 0:17:18]} 36. Re5
{[%clk 0:11:35]} Rb4 {[%clk 0:17:13]} 37. Rxc5 {[%clk 0:11:04]} Rb8
{[%clk 0:16:38]} 38. Raxa5 {[%clk 0:09:36]} 1-0

[Event "EYCC 2024 - G14"]
[Site "?"]
[Date "2024.08.28"]
[Round "6.12"]
[White "Heibo, Amalie Linnea"]
[Black "Valente, Sofia"]
[Result "0-1"]
[BlackElo "1888"]
[WhiteElo "1656"]
[LiveChessVersion "1.4.8"]

1. d4 {[%clk 1:30:46]} Nf6 {[%clk 1:30:54]} 2. c4 {[%clk 1:30:26]} g6
{[%clk 1:31:09]} 3. Nc3 {[%clk 1:30:41]} Bg7 {[%clk 1:31:33]} 4. e4
{[%clk 1:30:28]} d6 {[%clk 1:31:52]} 5. h3 {[%clk 1:30:38]} O-O {[%clk 1:32:07]}
6. Bg5 {[%clk 1:31:02]} c5 {[%clk 1:31:40]} 7. d5 {[%clk 1:30:13]} e6
{[%clk 1:31:00]} 8. Bd3 {[%clk 1:26:37]} exd5 {[%clk 1:29:34]} 9. exd5
{[%clk 1:25:40]} Re8+ {[%clk 1:28:32]} 10. Nge2 {[%clk 1:25:30]} Nbd7
{[%clk 1:27:29]} 11. f4 {[%clk 1:21:25]} a6 {[%clk 1:19:31]} 12. Qd2
{[%clk 1:20:04]} Rb8 {[%clk 1:14:14]} 13. O-O-O {[%clk 1:08:22]} Qa5
{[%clk 1:13:39]} 14. Kb1 {[%clk 0:39:29]} b5 {[%clk 1:13:22]} 15. Nc1
{[%clk 0:38:58]} bxc4 {[%clk 1:10:04]} 16. Ka1 {[%clk 0:16:41]} cxd3
{[%clk 1:09:30]} 17. Nb3 {[%clk 0:17:00]} Rxb3 {[%clk 1:09:40]} 0-1

[Event "EYCC 2024 - G14"]
[Site "?"]
[Date "2024.08.28"]
[Round "6.13"]
[White "Buchtova, Viktorie"]
[Black "Mitraka, Chrysa"]
[Result "1-0"]
[BlackElo "1724"]
[WhiteElo "1854"]
[LiveChessVersion "1.4.8"]

1. e4 {[%clk 1:30:57]} c6 {[%clk 1:30:52]} 2. d4 {[%clk 1:31:24]} d5
{[%clk 1:31:16]} 3. Nc3 {[%clk 1:31:48]} dxe4 {[%clk 1:31:38]} 4. Nxe4
{[%clk 1:32:15]} Nf6 {[%clk 1:32:02]} 5. Nxf6+ {[%clk 1:32:36]} exf6
{[%clk 1:29:17]} 6. c3 {[%clk 1:33:00]} Bd6 {[%clk 1:29:06]} 7. Bd3
{[%clk 1:33:17]} O-O {[%clk 1:29:02]} 8. Qc2 {[%clk 1:33:37]} Re8+
{[%clk 1:28:24]} 9. Ne2 {[%clk 1:33:57]} h5 {[%clk 1:27:47]} 10. Be3
{[%clk 1:34:22]} Nd7 {[%clk 1:27:00]} 11. O-O-O {[%clk 1:33:37]} Nf8
{[%clk 1:25:24]} 12. Kb1 {[%clk 1:32:45]} Be6 {[%clk 1:20:33]} 13. c4
{[%clk 1:32:12]} Rc8 {[%clk 1:16:44]} 14. a3 {[%clk 1:31:40]} b5 {[%clk 1:11:50]}
15. c5 {[%clk 1:29:07]} Bc7 {[%clk 1:07:41]} 16. Nc3 {[%clk 1:29:17]} Rb8
{[%clk 1:04:36]} 17. Be4 {[%clk 1:09:06]} Bd5 {[%clk 0:54:30]} 18. Bxd5
{[%clk 1:08:57]} cxd5 {[%clk 0:51:05]} 19. Qf5 {[%clk 1:06:47]} b4
{[%clk 0:41:10]} 20. axb4 {[%clk 1:04:46]} Rxb4 {[%clk 0:40:53]} 21. Nxd5
{[%clk 1:01:21]} Ra4 {[%clk 0:34:27]} 22. Qc2 {[%clk 0:47:58]} Ra6
{[%clk 0:30:49]} 23. Qc4 {[%clk 0:46:08]} Rae6 {[%clk 0:26:12]} 24. Nxc7
{[%clk 0:44:02]} Qxc7 {[%clk 0:26:33]} 25. d5 {[%clk 0:42:54]} Re4
{[%clk 0:25:45]} 26. Rd4 {[%clk 0:41:51]} Rxd4 {[%clk 0:24:50]} 27. Qxd4
{[%clk 0:41:59]} Nd7 {[%clk 0:19:18]} 28. c6 {[%clk 0:37:24]} Ne5
{[%clk 0:17:33]} 29. Rc1 {[%clk 0:28:23]} Rd8 {[%clk 0:14:24]} 30. d6
{[%clk 0:21:03]} Qc8 {[%clk 0:05:52]} 31. d7 {[%clk 0:20:25]} Qc7
{[%clk 0:05:26]} 32. Qxa7 {[%clk 0:20:32]} Qxa7 {[%clk 0:01:48]} 33. Bxa7
{[%clk 0:21:01]} Nxd7 {[%clk 0:00:40]} 34. cxd7 {[%clk 0:21:07]} Rxd7
{[%clk 0:01:02]} 35. Rc8+ {[%clk 0:20:33]} Kh7 {[%clk 0:01:27]} 36. Bc5
{[%clk 0:20:44]} Rd1+ {[%clk 0:01:05]} 37. Kc2 {[%clk 0:21:03]} Rh1
{[%clk 0:01:25]} 38. h3 {[%clk 0:20:34]} Rh2 {[%clk 0:01:45]} 39. b4
{[%clk 0:20:42]} Rxg2 {[%clk 0:01:12]} 40. b5 {[%clk 0:21:04]} Rh2
{[%clk 0:01:24]} 41. b6 {[%clk 0:21:24]} Rxh3 {[%clk 0:01:48]} 42. b7
{[%clk 0:21:50]} Rh1 {[%clk 0:01:55]} 43. b8=Q {[%clk 0:22:13]} h4
{[%clk 0:02:10]} 44. Rh8+ {[%clk 0:22:30]} Kg6 {[%clk 0:02:33]} 45. Qf4
{[%clk 0:22:43]} f5 {[%clk 0:02:23]} 46. Rxh4 {[%clk 0:22:07]} Rxh4
{[%clk 0:02:32]} 47. Qxh4 {[%clk 0:22:33]} f6 {[%clk 0:02:51]} 48. Kd3
{[%clk 0:22:40]} f4 {[%clk 0:03:16]} 49. Qg4+ {[%clk 0:22:55]} Kf7
{[%clk 0:03:09]} 50. Ke4 {[%clk 0:23:04]} g6 {[%clk 0:03:28]} 51. Qd7+
{[%clk 0:23:32]} Kg8 {[%clk 0:03:43]} 52. Qe8+ {[%clk 0:23:44]} Kh7
{[%clk 0:03:41]} 53. Bf8 {[%clk 0:24:08]} f5+ {[%clk 0:03:44]} 54. Ke5
{[%clk 0:24:34]} Kg8 {[%clk 0:04:05]} 55. Bh6+ {[%clk 0:24:54]} Kh7
{[%clk 0:04:27]} 56. Qf8 {[%clk 0:25:20]} g5 {[%clk 0:04:22]} 57. Qg7#
{[%clk 0:25:45]} 1-0

[Event "EYCC 2024 - G14"]
[Site "?"]
[Date "2024.08.28"]
[Round "6.14"]
[White "Corvi, Maddalena"]
[Black "Castagnerol, Cerise"]
[Result "1/2-1/2"]
[BlackElo "1845"]
[WhiteElo "1646"]
[LiveChessVersion "1.4.8"]

1. d4 {[%clk 1:30:56]} d5 {[%clk 1:30:28]} 2. c4 {[%clk 1:31:21]} e6
{[%clk 1:30:46]} 3. Nf3 {[%clk 1:31:42]} Nf6 {[%clk 1:30:47]} 4. Bg5
{[%clk 1:32:03]} Be7 {[%clk 1:31:01]} 5. e3 {[%clk 1:32:09]} O-O {[%clk 1:31:09]}
6. Nc3 {[%clk 1:32:18]} h6 {[%clk 1:31:17]} 7. Bh4 {[%clk 1:32:41]} a6
{[%clk 1:31:30]} 8. Rc1 {[%clk 1:31:56]} dxc4 {[%clk 1:31:27]} 9. Bxc4
{[%clk 1:31:44]} b5 {[%clk 1:31:37]} 10. Bd3 {[%clk 1:30:42]} Nbd7
{[%clk 1:31:01]} 11. O-O {[%clk 1:28:30]} c5 {[%clk 1:30:40]} 12. Bb1
{[%clk 1:21:21]} Bb7 {[%clk 1:24:31]} 13. Qe2 {[%clk 1:14:57]} Rc8
{[%clk 1:14:58]} 14. Rfd1 {[%clk 1:07:24]} Qb6 {[%clk 1:08:15]} 15. Ne5
{[%clk 0:56:26]} Rfd8 {[%clk 1:00:05]} 16. Qc2 {[%clk 0:46:02]} cxd4
{[%clk 0:51:58]} 17. Nxd7 {[%clk 0:42:39]} Rxd7 {[%clk 0:50:46]} 18. Bxf6
{[%clk 0:34:00]} Bxf6 {[%clk 0:50:26]} 19. Qh7+ {[%clk 0:33:16]} Kf8
{[%clk 0:50:18]} 20. Qh8+ {[%clk 0:26:53]} Ke7 {[%clk 0:49:40]} 21. Nd5+
{[%clk 0:27:02]} Rxd5 {[%clk 0:49:02]} 22. Rxc8 {[%clk 0:26:08]} Bxc8
{[%clk 0:49:04]} 23. Qxc8 {[%clk 0:26:33]} Rd8 {[%clk 0:37:10]} 24. Qc1
{[%clk 0:24:13]} dxe3 {[%clk 0:35:23]} 25. Rxd8 {[%clk 0:24:12]} exf2+
{[%clk 0:35:24]} 26. Kf1 {[%clk 0:24:29]} Kxd8 {[%clk 0:34:34]} 27. b3
{[%clk 0:24:08]} Qd4 {[%clk 0:32:59]} 28. Qc2 {[%clk 0:24:07]} Be5
{[%clk 0:31:07]} 29. g3 {[%clk 0:24:00]} Ke7 {[%clk 0:29:18]} 30. Qxf2
{[%clk 0:23:49]} Qxf2+ {[%clk 0:29:46]} 31. Kxf2 {[%clk 0:24:08]} Bd4+
{[%clk 0:29:13]} 32. Kf3 {[%clk 0:24:25]} e5 {[%clk 0:28:23]} 33. a4
{[%clk 0:23:27]} bxa4 {[%clk 0:28:33]} 34. bxa4 {[%clk 0:23:52]} a5
{[%clk 0:28:05]} 35. g4 {[%clk 0:23:55]} g6 {[%clk 0:23:42]} 36. h3
{[%clk 0:20:43]} Ke6 {[%clk 0:21:28]} 37. Ba2+ {[%clk 0:20:51]} Kf6
{[%clk 0:21:39]} 38. Bd5 {[%clk 0:19:39]} h5 {[%clk 0:19:27]} 39. Bc4
{[%clk 0:16:52]} hxg4+ {[%clk 0:18:18]} 40. hxg4 {[%clk 0:17:09]} Kg7
{[%clk 0:17:40]} 41. Ke4 {[%clk 0:16:06]} f6 {[%clk 0:17:02]} 42. Be6
{[%clk 0:16:25]} Kf8 {[%clk 0:12:49]} 43. Bd7 {[%clk 0:16:07]} Ke7
{[%clk 0:12:50]} 44. Bc8 {[%clk 0:16:15]} Kd6 {[%clk 0:13:10]} 45. Ba6
{[%clk 0:14:45]} Bc3 {[%clk 0:12:00]} 46. Bc8 {[%clk 0:14:07]} Kc5
{[%clk 0:11:15]} 47. Bd7 {[%clk 0:13:06]} Kc4 {[%clk 0:09:56]} 48. Bc6
{[%clk 0:10:43]} Bd4 {[%clk 0:08:58]} 49. Bb7 {[%clk 0:09:44]} Bc3
{[%clk 0:09:00]} 50. Bc6 {[%clk 0:09:30]} Bd4 {[%clk 0:09:23]} 51. Bb7
{[%clk 0:09:21]} Bc3 {[%clk 0:09:43]} 52. Bc6 {[%clk 0:09:39]} Bd4
{[%clk 0:10:09]} 1/2-1/2